01175cam a22003254a 4500999001900000001000900019003000500028005001700033008004100050010001700091020003900108038001200147040001800159042000800177050002000185082001400205100003300219245010400252260005500356300003400411504005100445650003100496650003500527650003100562700003100593856007700624906004500701942001200746952009100758 c532999d53299913274605NUST20191210101629.0030714s2004 enka b 001 0 eng  a 2003015957 a1405107863 (Hardback : alk. paper) aMSOHAIL aDLCcDLCdDLC apcc00aTH437b.W5 200400a692.52221 aBoussabaine, Halim A.92665110aWhole life-cycle costing :brisk and risk responses /cHalim A. Boussabaine and Richard J. Kirkham. aOxford, UK ;aMalden, MA :bBlackwell Pub.,c2004. axii, 246 p. :bill. ;c26 cm. aIncludes bibliographical references and index. 0aBuildingxEstimates.97436 0aBuildingxCost control.924737 0aLife cycle costing.9260661 aKirkham, Richard J.926652413Table of contentsuhttp://www.loc.gov/catdir/toc/ecip046/2003015957.html a7bcbccorignewd1eecipf20gy-gencatlg 2ddccBK 00102ddc4070aNITbNITd2019-12-10l0o692.5pNIT-12778r2019-12-10w2019-12-10yBK